Guess the random Taylor Swift Song Lyrics 113 - Statistics

General Stats
  • This quiz has been taken 11 times
  • The average score is 264 of 432
Answer Stats
Answer % Correct
I
100%
a
90%
the
90%
The
90%
we
90%
when
90%
You
90%
you
90%
but
80%
go
80%
know
80%
like
80%
me
80%
my
80%
of
80%
or
80%
They
80%
they
80%
Your
80%
your
80%
you're
80%
all
70%
All
70%
And
70%
and
70%
any
70%
can
70%
ever
70%
for
70%
get
70%
if
70%
in
70%
is
70%
Is
70%
it
70%
it's
70%
It's
70%
just
70%
Just
70%
no
70%
on
70%
one
70%
say
70%
So
70%
so
70%
take
70%
(take
70%
that
70%
to
70%
to)
70%
up
70%
are
60%
At
60%
be
60%
don't
60%
down
60%
friends
60%
girls
60%
had
60%
here
60%
I'm
60%
into
60%
Love
60%
mind
60%
this
60%
time
60%
want
60%
was
60%
with
60%
away
50%
babies
50%
been
50%
did
50%
drug
50%
fine
50%
Florida
50%
Florida)
50%
forget
50%
got
50%
guest
50%
have
50%
hell
50%
I'll
50%
I've
50%
little
50%
Little
50%
out
50%
regrets
50%
said
50%
smell
50%
some
50%
their
50%
them
50%
too
50%
use
50%
weed
50%
Well
50%
What
50%
what
50%
Yes
50%
arrested
40%
asks
40%
back
40%
bad
40%
beat
40%
best
40%
bury
40%
came
40%
city
40%
crazy
40%
Destin
40%
disappeared
40%
driving
40%
feeling
40%
guess
40%
heat
40%
home's
40%
hurricane
40%
lay
40%
life
40%
must
40%
myself
40%
name
40%
need
40%
only
40%
questions
40%
really
40%
rest
40%
song
40%
Tell
40%
Texas
40%
thing
40%
timeshare
40%
town
40%
true
40%
you'll
40%
Barricaded
30%
bathroom
30%
bodies
30%
body
30%
bottle
30%
charges
30%
cheat
30%
cheating
30%
despicable
30%
drunk
30%
fuck
30%
ghosts
30%
haunted
30%
husband
30%
lace
30%
pay
30%
reeks
30%
shitstorm
30%
sink
30%
swamp
30%
unforgivable
30%
wash
30%
wine
30%
work
30%
beautiful
20%
crimes
20%
dared
20%
dolls
20%
least
20%
left
20%
pack
20%
rush
20%
wait
20%
crash
10%
exist
10%
No matching quizzes found
Score Distribution
Percent of People with Each Score
Percentile by Number Answered
Your Score History
You have not taken this quiz